000 00297nam a2200133Ia 4500
008 191201s2010 xx 000 0 und d
100 _aGILLESPIE,Andrew
245 0 _aBusiness Economics
250 _a1st
260 _aN. Delhi
_bOxford
_c2010
300 _a458
650 _aMBA
942 _2ddc
_cBK
999 _c5162
_d5162